00349nam a2200121 a 45000010005000000030005000050050017000100080041000270400020000681000033000882450086001212600020002071021CDMR20130116135200.0130130s1973||||||||||||||||||||||||||||d aCDMRbcatcCDMR1 aFontrodona Vilanova, Mariano13aEl periodismo de la censura en la Rusia de los ZarescMariano Fontrodona Vilanova aBarcelonac1973